Every Place In Door County, WI - Statistics

General Stats
  • This quiz has been taken 2 times
  • The average score is 3 of 5
Answer Stats
Letter Population Answer % Correct
S 1,176 Sister Bay
100%
S 10,074 Sturgeon Bay
100%
E 407 Egg Harbor
50%
E 339 Ephraim
50%
F 464 Forestville
0%
No matching quizzes found
Score Distribution
Percent of People with Each Score
Percentile by Number Answered
Your Score History
You have not taken this quiz